[Event "Linares Anibal op 08th"]
[Site "Linares"]
[Date "2001.01.12"]
[Round "5"]
[White "Bruzon Batista, Lazaro"]
[Black "Franco Ocampos, Zenon"]
[Result "1/2-1/2"]
[WhiteElo "2584"]
[BlackElo "2482"]
[Annotator "Finkel,A"]
[PlyCount "68"]
[EventDate "2001.01.08"]
[EventType "swiss"]
[EventRounds "11"]
[EventCountry "ESP"]
[SourceTitle "CBM 081"]
[Source "ChessBase"]
[SourceDate "2001.03.20"]
[SourceVersion "1"]
[SourceVersionDate "2001.03.20"]
[SourceQuality "1"]

{[%mdl 48]} 1. e4 g6 2. d4 Bg7 3. Nc3 d6 4. Nf3 a6 5. Be3 b5 6. Bd3 Nd7 (6...
Bb7 7. Qd2 Nd7 8. d5 c5 9. dxc6 Bxc6 10. Nd4 Bb7 11. a3 Rc8 $13 {Parr,
D-Broomfield,M/Challengers 2000}) 7. h4 (7. a4 b4 8. Ne2 c5 9. c3 Ngf6 10. cxb4
Ng4 11. bxc5 Nxe3 12. fxe3 dxc5 13. O-O Bh6 $15 {Eisen,L-Burnett,R/World op
1998}) (7. e5 e6 8. Bg5 Ne7 9. a4 bxa4 10. exd6 cxd6 11. Rxa4 O-O 12. O-O Bb7
13. Be4 d5 14. Bd3 f6 $13 {Fishbein,A-Hansen,C/Kerteminde 1991}) 7... Bb7 $5 {
Most of the players would almost automatically opt for 7...h5 and probably
were right, but black shows slightly suspicious but interesting plan.} (7... c5
8. h5 b4 9. Ne2 cxd4 10. Bxd4 Ngf6 11. h6 Bf8 12. e5 dxe5 13. Nxe5 Nxe5 14.
Bxe5 Qd5 $13 {Polzin,R-Gipslis,A/Dresden op 1998}) 8. h5 c5 9. h6 (9. Qd2 cxd4
10. Nxd4 Ngf6 11. h6 Bf8 $13 12. f3 Qc7 13. O-O-O Nc5 14. g4 $14) 9... Bxd4 $5
{That's black's plan, which pays off pretty well in the game.} (9... Bf8 10.
Qd2 Ngf6 11. d5 c4 12. Be2 b4 13. Nd1 Nxe4 14. Qd4 Ndf6 15. Bxc4 $14) 10. Nxd4
cxd4 11. Bxd4 Ngf6 12. a3 (12. Qe2 $2 e5 13. Be3 b4 $17 {[%csl Re4]}) 12... O-O
13. Qd2 e5 14. Be3 Rc8 15. O-O-O (15. f3 Nb6 16. Rd1 d5 17. exd5 Nbxd5 18. Nxd5
Nxd5 $11) 15... Nc5 16. f3 Qe7 17. Bg5 Kh8 18. Be2 (18. Nd5 $4 Nb3+ $19) (18.
Kb1 Qe6 19. Be2 Rfd8 20. g3 $14) 18... Rfd8 19. Kb1 Rd7 {Black prepares d5.}
20. Rhe1 (20. Nd5 Bxd5 21. exd5 Rdc7 22. c3 Ncd7 23. Qe3 Rc5 $132) 20... Ne6
21. Be3 ({Nothing promises} 21. Bh4 Nxe4 22. Bxe7 Nxd2+ 23. Rxd2 Rxe7 24. Rxd6
Rd8 $11 {with equality.}) 21... d5 22. exd5 Bxd5 $1 {Black doesn't need this
bishop because the knigh may cause white bigger troubles.} 23. Bd3 (23. Nxd5
Nxd5 24. Qc1 Rb8 $1 (24... Nxe3 25. Qxe3 Nd4 26. Bd3 f6 27. f4 $14) 25. c3 a5
$40) 23... Bc4 24. Bg1 Nc5 (24... Nf4 $2 25. Qxf4 $1 {[%cal Ge1e7]} exf4 26.
Rxe7 Rxe7 27. Bd4 {[%cal Gd4h8]} Re6 28. Ne4 $18 Bxd3 29. Rxd3 Rcc6 30. Bxf6+
Rxf6 31. Rd8#) 25. Qe3 Bxd3 26. cxd3 Nd5 27. Nxd5 $6 (27. Qxe5+ Qxe5 28. Rxe5
Nxc3+ 29. bxc3 Nxd3 30. Re2 $14) 27... Rxd5 28. d4 $6 Qd8 29. Qe2 Nb3 $1 $36 (
29... exd4 $2 30. Bxd4+ $1 Kg8 (30... Rxd4 31. Rxd4 $18) 31. Bxc5 Rcxc5 32.
Qe8+ Qxe8 33. Rxe8#) 30. dxe5 Nd2+ 31. Ka1 (31. Ka2 $2 Rd3 $1 32. e6 Qd5+ 33.
Ka1 Nb3+ 34. Kb1 Nd2+ 35. Ka1 fxe6 $17) 31... Nb3+ $2 (31... Rc2 $1 32. Qe3
Nb3+ 33. Qxb3 Rxd1+ 34. Rxd1 Qxd1+ 35. Ka2 Rc1 $19) 32. Kb1 $2 (32. Ka2 $1 Rxd1
$6 (32... Rd2 33. Rxd2 (33. e6 $2 Rxe2 34. Rxd8+ Rxd8 35. Rxe2 Nc1+ $19) 33...
Nxd2 34. e6 Qd5+ 35. Ka1 Nb3+ 36. Kb1 Nd2+ $11 (36... Qf5+ $2 37. Ka2 Nc1+ 38.
Rxc1 Rxc1 39. e7 $18)) 33. Qxd1 Nc1+ 34. Kb1 Nd3 35. Bb6 Qd7 36. Qd2 Qf5 37.
Re4 $14) 32... Nd2+ 33. Ka1 Nb3+ 34. Kb1 Nd2+ 1/2-1/2

[Event "Corus-B"]
[Site "Wijk aan Zee"]
[Date "2006.01.21"]
[Round "7"]
[White "Navara, David"]
[Black "Koneru, Humpy"]
[Result "1-0"]
[WhiteElo "2660"]
[BlackElo "2537"]
[Annotator "Finkel,A"]
[PlyCount "81"]
[EventDate "2006.01.14"]
[EventType "tourn"]
[EventRounds "13"]
[EventCountry "NED"]
[EventCategory "15"]
[SourceTitle "CBM 111"]
[Source "ChessBase"]
[SourceDate "2006.04.04"]
[SourceVersion "1"]
[SourceVersionDate "2006.04.04"]
[SourceQuality "1"]

1. e4 g6 2. d4 Bg7 3. Nc3 c6 4. h3 (4. f4 d5 5. e5 Nh6 6. Nf3 Bg4) 4... d6 5.
Be3 Nd7 6. Qd2 b5 7. Bd3 {White keeps all the options open. The only
disadvantage of the move in the game is a temporary vulnerability of the pawn
on d4. For that reason Black should probably try something like 7...b4
followed by 8...c5.} Qc7 (7... Bb7 8. f4 (8. Nf3 Qc7 9. a4 b4 10. Ne2 c5 11. c4
bxc3 12. Nxc3 Ngf6 $13 {Lanzani,M-Barberi,A/Milan 2000}) 8... b4 9. Nce2 c5 10.
Nf3 a6 11. c3 Ngf6 12. Ng3 bxc3 13. bxc3 Qc7 14. O-O $14 {Tauber,M-Jelen,P/
Slovakia 2000}) 8. f4 $5 {A very logical and good move. White transposes to
the Austrian attack set-up which is one of the most efficient ways to meet
Pirc and the Modern Defense.} Nb6 $6 {Not the best timing for this typical
maneuver. White has a clear plan to attack on the kingside, so wasting a tempo
on trading the light-squared bishop proves to be quite crucial.} (8... b4) 9.
Nf3 Nc4 10. Bxc4 bxc4 11. O-O Nf6 12. Nh4 $1 $36 {[%cal Gf4f5,Ge3h6] Preparing
f5 followed by Bh6.} h6 $5 {I guess this move is more accurate than} (12... O-O
13. f5 Rb8 14. Rab1 Rd8 15. Bh6 Bh8 16. Qf2 $36 {[%csl Rf7][%cal Gf5g6,Ge4e5]
and White is very close to ''score''.}) 13. f5 g5 14. Nf3 Nh5 (14... d5 $2 15.
e5 Ne4 16. Nxe4 dxe4 17. Nh2 c5 18. c3 $16) 15. g4 $5 Nf4 $2 {Giving up a pawn
for no objective reason. More in the spirit of the position was} (15... Nf6
$142 {with a defendable position} 16. e5 $140 dxe5 17. dxe5 Nd7 18. Bd4 (18. e6
$6 fxe6 19. fxe6 Nf6 $132) 18... Nxe5 19. Ne4 O-O 20. Nxe5 Bxe5 21. f6 Bxd4+
22. Qxd4 e5 23. Qxc4 Qb6+ $132) 16. Bxf4 gxf4 17. Ne2 $16 {[%cal Ge2f4,Gf4h5]}
h5 18. Nxf4 hxg4 19. hxg4 Bd7 {I wouldn't hurry with this move since the
bishop might be better placed on b7.} (19... Rg8) 20. Nh5 Bh6 21. g5 Bf8 22.
Ng3 O-O-O $6 (22... d5 $142 23. e5 c5 24. c3 cxd4 25. cxd4 e6 {keeping more
chances for the successful defense.}) 23. Kg2 f6 $5 {Desperately looking for
counterplay and merely succeeding to get some due to White's inaccuracy in the
nearest future.} 24. g6 Bh6 25. Qc3 e6 26. Rh1 exf5 27. Nxf5 Bxf5 (27... Bf4
28. Ne7+ Kb8 29. Rxh8 Rxh8 30. g7 $18) 28. exf5 Qd7 {White's king is a bit
exposed so he has to be careful.} 29. Qxc4 Qxf5 30. Qxc6+ Kb8 31. Rae1 $6 {
The first step in the wrong direction. More accurate was the immediate} (31. g7
{forcing the trade of rooks.}) 31... Rc8 $1 (31... Qxg6+ 32. Kf2 Rh7 $16) 32.
g7 $2 {A mistake which could've cost White half a point if had Black reacted
properly.} (32. Qxd6+ $142 Ka8 33. c4 (33. c3 $2 Bf4) 33... Qxg6+ 34. Kf2 Qc2+
35. Re2 Qxc4 36. Rh4 $16) 32... Bxg7 $2 {Now it's all over.} ({After the
correct} 32... Rhg8 $1 {[%csl Rc2,Rg2] White would have to find the only
saving move} 33. Qe4 $8 (33. Qxd6+ $2 Ka8 34. c3 (34. Rxh6 Rxc2+ $19) 34...
Rxg7+ 35. Kf2 Qc2+ 36. Re2 Rg2+ 37. Kxg2 Qxe2+ $19) 33... Rxc2+ 34. Kf1 Qb5+
35. Re2 Rc1+ 36. Ne1 {with an unclear position.}) 33. Qxd6+ $18 Ka8 34. Rxh8
Bxh8 (34... Qxc2+ 35. Kg3 Qg6+ 36. Kf2 Bxh8 37. Qd5+ Kb8 38. Re7 $18) 35. c3
Bg7 36. Qe6 Qg6+ 37. Kf2 Kb8 38. Qb3+ Kc7 39. Re7+ Kd8 40. Qb7 Qc2+ 41. Re2 1-0

[Event "SWE-ch"]
[Site "Skara"]
[Date "2002.07.05"]
[Round "6"]
[White "Ernst, Thomas"]
[Black "Hillarp Persson, Tiger"]
[Result "1/2-1/2"]
[WhiteElo "2471"]
[BlackElo "2460"]
[Annotator "Finkel,A"]
[PlyCount "126"]
[EventDate "2002.06.30"]
[EventType "tourn"]
[EventRounds "13"]
[EventCountry "SWE"]
[EventCategory "9"]
[SourceTitle "CBM 091"]
[Source "ChessBase"]
[SourceDate "2002.11.12"]
[SourceVersion "1"]
[SourceVersionDate "2002.11.12"]
[SourceQuality "1"]

1. e4 g6 2. d4 Bg7 3. c3 d6 4. Bc4 Nf6 5. Qe2 O-O 6. Nf3 Nc6 $5 {Usually black
prefers to put a pawn on this square, but a move in the game is not bad at all.
} (6... c6 7. Bb3 (7. O-O Nxe4 8. Qxe4 d5 9. Qe2 dxc4 10. Qxc4 Be6 11. Qe2 Qd5
12. Re1 Nd7 13. Ng5 Bf5 $11 {Bartosik,P-Pedzich,D/Bielsko-Biala 1991}) 7... a5
8. O-O a4 9. Bc2 b5 10. Re1 Qc7 11. Bg5 e5 12. dxe5 dxe5 13. Nbd2 Nbd7 $13 {
Feller,J-Lupu,M/Novi Sad 1990}) 7. O-O (7. Nbd2 e5 8. dxe5 Nxe5 (8... dxe5 9.
Nb3 Nh5 10. Bg5 Qe8 11. g3 Kh8 $13 {Novopashin,A-Ovsejevitsch,S/Alushta 1999})
9. Nxe5 dxe5 10. O-O Qe7 11. Nf3 Be6 12. Nxe5 Bxc4 13. Nxc4 Qxe4 14. Qxe4 Nxe4
$11 {Vydeslaver,A-Dunnington,A/NLD-ch op 1994}) 7... Bg4 8. h3 (8. Nbd2 e5 9.
d5 Ne7 10. h3 Bd7 11. Bd3 Nh5 12. Nb3 a5 13. Bd2 h6 14. Nh2 a4 $13 {Popescu,
C-Ghinda,M/Tusnad 1997}) 8... Bxf3 9. Qxf3 e5 10. Be3 Nd7 $5 (10... exd4 11.
cxd4 Nd7 12. Qd1 Nb6 13. Bb5 Qf6 14. Bxc6 bxc6 15. Nd2 c5 16. dxc5 dxc5 17. Rb1
Qe6 18. Bxc5 Rfd8 19. Qc2 Qxa2 20. Be3 Rd7 {1/2-1/2 Kholmov,R-Berelovich,A/St
Petersburg 2000/EXT 2001 (20)}) 11. Rd1 (11. d5 $6 Ne7 {[%cal Gf7f5]} 12. Bd3
f5 13. c4 fxe4 14. Qxe4 Nf6 15. Qh4 Nf5 $132) 11... Kh8 {[%cal Gf7f5] Planning
to play f5.} 12. Na3 f5 13. exf5 Rxf5 $5 {More in the spirit of the position
was} (13... gxf5 14. dxe5 Ndxe5 15. Qh5 f4 16. Bc1 Qf6 $13) 14. Qe2 exd4 15.
cxd4 Qe7 16. Nb5 Nb6 17. Bd3 Rff8 (17... Rf7 $5 {[%csl Ge7]} 18. Qg4 Nb4 19.
Be2 c6 20. Nc3 N4d5 $13) 18. Nc3 d5 {Of course not} (18... Nxd4 $2 19. Bxd4 {
[%csl Re7]} Qxe2 20. Bxg7+ Kxg7 21. Bxe2 $18 {and white is a piece up.}) 19.
Rac1 Qf7 20. Qg4 Rae8 21. Kh1 Nd8 $6 (21... Ne7 $5 22. Nb5 Nc6) 22. Ne2 Ne6 23.
Ng1 $1 {Bringing the knight to e5.} Nc8 (23... Nf4 24. Bf1) 24. Nf3 Ne7 25. Ne5
Bxe5 (25... Qg8 $2 26. Nd7 $1 {[%csl Re6]} h5 $8 27. Qg3 $18 {[%csl Rg6]}) 26.
dxe5 Nf5 27. Bd2 c5 28. b3 a6 29. Re1 (29. Bb1) 29... b5 30. Bb1 Rc8 31. Bg5 $6
{Giving up this bishop is hardly a correct idea under the circumstances.} Nxg5
32. Qxg5 Qe6 33. Qd2 Ne7 (33... b4 $5 34. Bxf5 (34. Rcd1 Nd4 $15 {[%cal Gc8c7,
Gc7f7]}) 34... Rxf5 35. Rcd1 d4 $15 {[%csl Re5]}) 34. Rc3 d4 35. Rg3 Rcd8 {
[%cal Gc5c4]} 36. h4 $1 c4 37. Be4 Nf5 38. Rh3 Ng7 39. Qh6 $1 {[%cal Gh4h5]
White is looking for counterplay on the kingside.} Nh5 (39... Rxf2 $6 40. h5
Nf5 41. Bxf5 Qxf5 42. hxg6 Rd7 43. e6 Re7 $13) 40. Rf3 Rxf3 41. Bxf3 Ng7 $6 (
41... Qe7 $1 42. Re4 Ng7 $17 {[%cal Gd4d3,Gc4c3]}) 42. Qg5 $1 Rf8 43. bxc4 bxc4
44. Qd2 d3 (44... Rd8 $1 45. Qg5 Rd7 46. Qf6 Kg8 $1 $17) 45. Re4 Rc8 46. Qc3 h5
{[%cal Gg7f5]} 47. Rd4 Nf5 48. Bd5 $1 Qxe5 49. Rxd3 Qxc3 50. Rxc3 Nd6 51. Kg1
Rc5 52. Ba8 Nb5 {It's impossible to win an endgame without a help from the
king, that's why black should've played} (52... Kg7 $1 53. f3 Kf6 54. Kf2 Ke5
$15 {keeping winning chances.}) 53. Rc1 c3 $6 54. f3 c2 55. Be4 Nc3 56. Kf2
Nxe4+ 57. fxe4 Rc3 58. Ke2 Kg7 59. Kd2 Rg3 60. Kxc2 $11 Rxg2+ 61. Kd3 Rxa2 (
61... Rg4 $5) 62. Rc7+ Kf6 (62... Kh6 63. e5 {[%cal Ge5e8]}) 63. Rc6+ Kf7
1/2-1/2

[Event "SUI-ch"]
[Site "Leukerbad"]
[Date "2002.07.11"]
[Round "1"]
[White "Pelletier, Yannick"]
[Black "Ballmann, Martin"]
[Result "1-0"]
[WhiteElo "2571"]
[BlackElo "2431"]
[Annotator "Finkel,A"]
[PlyCount "61"]
[EventDate "2002.07.11"]
[EventType "tourn"]
[EventRounds "9"]
[EventCountry "SUI"]
[EventCategory "9"]
[SourceTitle "CBM 091"]
[Source "ChessBase"]
[SourceDate "2002.11.12"]
[SourceVersion "1"]
[SourceVersionDate "2002.11.12"]
[SourceQuality "1"]

1. Nf3 g6 2. e4 c6 3. c4 d5 4. exd5 cxd5 5. cxd5 Qxd5 (5... Nf6 6. Bb5+ (6. Nc3
Nxd5 7. Qb3 Nb6 8. Bb5+ Bd7 9. Ne5 e6 10. d4 Bg7 11. Nxd7 N8xd7 12. O-O O-O 13.
Rd1 Nf6 14. Bf4 Nfd5 15. Bg3 Rc8 $13 {Ionov,S-Fernandez,M/Osuna 1992}) 6...
Nbd7 7. O-O Bg7 8. d6 exd6 9. Re1+ Kf8 10. a4 h6 11. a5 Kg8 12. Nc3 Kh7 $13 {
Ceteras,M-Mateuta,G/Alba Iulia 1997}) 6. Nc3 Qa5 7. Qb3 Bg7 8. Bb5+ Nc6 (8...
Nd7 9. Bxd7+ Bxd7 10. Qxb7 $16) 9. d4 Nf6 (9... e6 $5 10. O-O (10. Bd2 Qd8)
10... a6 11. Bxc6+ bxc6 12. Bf4 $14) 10. O-O O-O (10... a6 $6 11. Ne5 O-O (
11... Be6 $6 12. Nxc6 Qxb5 13. Nxb5 Bxb3 14. Nc7+ $18) 12. Nxc6 bxc6 13. Bxc6
Be6 14. d5 Rab8 15. Qc4 $16) 11. d5 {Otherwise black easily solves his opening
problems.} a6 12. Be2 Nb4 13. Rd1 {[%csl Rb4]} Bf5 $6 {More logical was} (13...
Rd8 {with very interesting complications} 14. Bd2 Bf5 (14... Nbxd5 15. Nxd5
Qxd5 16. Bc3 $18 {[%cal Gd1d8]}) 15. Na4 $1 {[%cal Gd2a5]} Nfxd5 16. Bc4 Bd7 $1
(16... b5 17. Bxd5 bxa4 18. Bxb4 $18) 17. Nc3 (17. Bxd5 $6 Bxa4 18. Qxb4 Qxb4
19. Bxb4 Bxd1 20. Rxd1 e6 21. Bb3 Rxd1+ 22. Bxd1 Bxb2 $15) 17... Bxc3 18. Bxc3
Ba4 19. Rxd5 Nxd5 20. Bxa5 Bxb3 21. Bxb3 $14) 14. Nd4 Be4 15. Bd2 {[%cal Gd2a5]
} Qb6 16. Nxe4 Nxe4 17. Be3 {The knight on b4 is a sourse of black's problems.}
Qd6 (17... Nc5 18. Qc4 Rac8 19. Rac1 $16 {[%cal Gd4f3]}) 18. Bf3 Nf6 19. Ne2 a5
20. a3 Na6 21. Bf4 Qd7 22. d6 $1 $16 {[%csl Rb7] Time to make a step forward!}
exd6 (22... Nc5 23. Qe3 $1 {[%cal Ge3c5,Ge3e7]} e5 24. Bxe5 $18) 23. Bxd6 Rfe8
24. Nc3 (24. Qxb7 $5) 24... Re6 25. Qxb7 $18 Ra7 26. Qb6 Bf8 27. Nb5 Bxd6 28.
Rxd6 (28. Nxa7 $2 Bxh2+ 29. Kxh2 Rxb6 30. Rxd7 Nxd7 $13) 28... Rxd6 29. Nxd6
Qc7 30. Qd4 {[%csl Ra7]} Qe7 $2 31. Nc8 1-0

[Event "EU-ch 3rd"]
[Site "Batumi"]
[Date "2002.06.18"]
[Round "7"]
[White "Shengelia, Davit"]
[Black "Minasian, Artashes"]
[Result "1/2-1/2"]
[WhiteElo "2415"]
[BlackElo "2572"]
[Annotator "Finkel,A"]
[PlyCount "119"]
[EventDate "2002.06.12"]
[EventType "swiss"]
[EventRounds "13"]
[EventCountry "GEO"]
[SourceTitle "CBM 090"]
[Source "ChessBase"]
[SourceDate "2002.09.20"]
[SourceVersion "1"]
[SourceVersionDate "2002.09.20"]
[SourceQuality "1"]

1. d4 g6 2. e4 Bg7 3. Nc3 c6 4. h3 d6 5. Nge2 (5. a4 Nf6 6. g3 (6. g4 O-O 7.
Bg2 e5 8. Be3 Nbd7 9. Nge2 Re8 10. Qd2 Nb6 11. b3 exd4 12. Bxd4 d5 13. a5 Nbd7
14. exd5 cxd5 15. O-O $14 {Rantanen,Y-Sznapik,A/Helsinki 1981}) 6... O-O 7. Bg2
Nbd7 8. Nge2 b6 9. O-O Bb7 10. g4 e5 11. Be3 a6 12. Ng3 $14 {Palkovi,J-Shirov,
A/Germany 1996}) 5... b5 6. a3 Bb7 7. g3 Nd7 8. Bg2 a5 9. O-O b4 10. Nb1 $5 (
10. Na4 Qc7 11. c3 c5 12. axb4 cxb4 13. cxb4 axb4 14. Bd2 Ngf6 15. f3 Ba6 16.
Rf2 $14 {Bashkov,V-Krasenkow,M/Koszalin 1996}) 10... c5 11. Be3 Ngf6 12. dxc5
Nxe4 {Black is forced to take on e4, otherwise 13.e5! would be very unpleasent.
} (12... dxc5 $2 13. e5 $1 {[%csl Rb7,Rf6]} Bxg2 14. exf6 Bxf1 15. fxg7 $16)
13. cxd6 Nxd6 14. Bxb7 Nxb7 15. Bd4 Nf6 {White keeps slightly better chances
also after} (15... e5 16. Be3 Nf6 17. axb4 axb4 18. Qxd8+ Rxd8 19. Ra7 Nd6 20.
Bc5 Nd5 21. c3 $14) 16. axb4 axb4 17. Rxa8 Qxa8 18. Qe1 {[%csl Rb4]} b3 $6 (
18... Qa5 19. c3 bxc3 20. Nbxc3 O-O $11) 19. Qc3 $1 bxc2 20. Qc6+ Kf8 21. Qxc2
Nd6 22. Nd2 Nd5 23. Qc5 Bxd4 24. Nxd4 $14 {Passed pawn on th b-file may become
quite dangerous one.} Kg7 25. Nc6 Rc8 26. Rc1 Qa2 27. Nc4 $1 Nf6 (27... Nxc4
28. Qxd5 $18 {[%cal Gd5a2]}) 28. Nxd6 exd6 29. Qc3 Qd5 30. b4 h5 31. Qc4 h4 32.
gxh4 $5 Qf3 33. b5 Ne4 34. Qd4+ Kh7 35. Qe3 $1 {Forcing an exchange of the
queens.} (35. b6 $2 Nc5 36. Na5 Ne6 37. Qd1 Nd4 $1 $40 {[%cal Gd4e2]}) 35...
Qxe3 36. fxe3 Rc7 37. b6 Rb7 38. Rb1 Nc5 39. Na5 Rb8 40. b7 Kh6 41. Rb6 $5 (41.
Kg2 $1 Kh5 42. Rb4 f5 43. Kh2 Kh6 44. Rb6 Kh5 45. Rxd6 $18) 41... Kh5 42. Rxd6
Kxh4 43. Kg2 Nxb7 44. Rb6 Re8 45. Rb4+ Kg5 46. Rxb7 $18 (46. Nxb7 $18) 46...
Rxe3 47. Rxf7 $6 {White loses concentration and permits black to escape.} (47.
Nc4 $1 $18) 47... Re2+ 48. Kf3 (48. Kg3 Re3+ 49. Rf3 Rxf3+ 50. Kxf3 Kh4 51. Kg2
g5 $11) 48... Rc2 $1 49. Nb7 {The last chance to fight for win was} (49. Rh7 $1
) 49... Rc3+ 50. Kg2 Rc2+ 51. Kf1 (51. Kg3 Rc3+ 52. Rf3 Rxf3+ 53. Kxf3 Kh4 54.
Kg2 g5 55. Nd6 g4 56. Nf5+ Kg5 $11) 51... Kh4 52. Rh7+ Kg3 53. Nd6 Rf2+ 54. Ke1
Rf4 $1 55. Ke2 Rh4 56. Rf7 Kxh3 57. Ke3 Kg4 58. Ne4 Rh3+ 59. Kd4 Ra3 60. Rf1
1/2-1/2

[Event "Radulescu Memorial"]
[Site "Calimanesti"]
[Date "1999.??.??"]
[Round "8"]
[White "Cioara, Andrei Nestor"]
[Black "Nanu, Ciprian Costica"]
[Result "1-0"]
[WhiteElo "2398"]
[BlackElo "2420"]
[Annotator "Finkel,A"]
[PlyCount "69"]
[EventDate "1999.02.??"]
[EventType "tourn"]
[EventRounds "13"]
[EventCountry "ROU"]
[EventCategory "8"]
[SourceTitle "CBM 070"]
[Source "ChessBase"]
[SourceDate "1999.06.08"]
[SourceVersion "1"]
[SourceVersionDate "1999.06.08"]
[SourceQuality "1"]

1. e4 g6 2. d4 Bg7 3. Nc3 d6 4. Nge2 Nf6 5. g3 Bg4 $6 {Black can't afford to
himself to waste the time in the opening so natural 5...0-0 is more suitable.}
6. Bg2 Qc8 7. h3 $5 ({Not so bad was also} 7. O-O Bh3 8. Bg5 O-O 9. Qd2 Bxg2
10. Kxg2 Nc6 11. f4 $14 {with significient advantage in space.}) 7... Bd7 8.
Be3 O-O 9. Qd2 e5 10. O-O-O $5 $36 {Taking the advantage of the fact that he
has an advantage in development white opts for a long castle,which is quiet
rare for this variation.} (10. g4 $5 exd4 11. Nxd4 Nc6 12. f4 Re8 13. O-O Nxd4
14. Bxd4 Bc6 15. Rae1 $14) 10... Nc6 11. g4 exd4 ({After} 11... Na5 12. Qd3
exd4 13. Nxd4 Be6 14. g5 Ne8 15. f4 Nc4 16. Bf2 $16 {life is not any easier
for black.}) 12. Nxd4 Nxd4 13. Bxd4 Bc6 14. f4 Re8 15. Rhe1 Re7 16. g5 $1 $16 {
Simple and very efficient continuation.} (16. e5 $6 dxe5 17. Rxe5 Rxe5 18. fxe5
Ne8 19. Bxc6 bxc6 20. Qf4 Qe6 21. Kb1 $14) 16... Nd7 (16... Nh5 17. Bxg7 Nxg7
18. Nd5 Bxd5 19. Qxd5 Ne6 20. Rf1 $16 {[%cal Gf4f5]}) 17. Bxg7 Kxg7 18. h4 {
[%csl Rg7][%cal Gh4h5,Gg2f3,Ge1h1,Gd2h2]} Qf8 19. h5 Kg8 20. Nd5 Bxd5 21. Qxd5
Nb6 (21... Nc5 22. hxg6 hxg6 23. Rh1 Rae8 24. e5 Rd7 25. Rh6 $1 {[%csl Rg6]}
Ne6 26. Rdh1 Qg7 27. Qxb7 $18 {[%cal Gg2c6]}) 22. Qb3 a5 23. hxg6 hxg6 24. a4
$5 {Keeping the queen on the diagonal a2-g8.} Qg7 25. Rh1 Rae8 26. Rh4 $18 {
[%cal Gd1h1,Gb3h3] Preparing to triple heavy pieces over the h-file!} Rxe4 {
Black is totally helpless against white's plan,that's the reason why he
decides to give up an exchange.} 27. Bxe4 Rxe4 28. Rdh1 Kf8 (28... Rxa4 29.
Rh8+ Qxh8 30. Rxh8+ Kxh8 31. Qxf7 $18) 29. Rh8+ Ke7 30. R8h7 Qf8 31. f5 $1 {
Quickest way to win the game.} Nc4 32. fxg6 Ke6 33. Rxf7 Qd8 34. Rf6+ Kd7 35.
Qb5+ 1-0